Priemyselné parky na východe dostávajú reálne kontúry

Obce a mestá východného Slovenska pripravujú niekoľko projektov priemyselných parkov. Plánované investície do prípravy priemyselných parkov. Záujmy investorov. Príprava priemyselných parkov niektorých konkrétnych východoslovenských miest so zahraničnými investormi.

Gespeichert in:
Bibliographische Detailangaben
1. Verfasser: Hirman, Karel
Format: Buchkapitel
Sprache:Slowakisch
Schlagworte:
Tags: Tag hinzufügen
Keine Tags, Fügen Sie das erste Tag hinzu!

MARC

LEADER 00000naa a2200000 4500
001 r049021
005 20230921115153.0
041 0 |a slo 
044 |a SK 
245 1 0 |a Priemyselné parky na východe dostávajú reálne kontúry  |c Karel Hirman 
520 |a Obce a mestá východného Slovenska pripravujú niekoľko projektov priemyselných parkov. Plánované investície do prípravy priemyselných parkov. Záujmy investorov. Príprava priemyselných parkov niektorých konkrétnych východoslovenských miest so zahraničnými investormi. 
610 2 0 |a parky priemyselné 
610 2 0 |a projekty 
610 2 0 |a investori 
610 2 0 |a investície zahraničné 
610 2 0 |a obce 
610 2 0 |a mestá 
610 2 0 |a východné Slovensko 
100 1 |a Hirman, Karel